00318nam a2200121Ia 4500008004100000041000800041082001600049100001700065245004400082260002700126300003000153365001300183240624s9999 xx 000 0 und d aeng a658.472 MAR aMARR BERNARD aBIG DATA FOR SMALL BUSINESS FOR DUMMIES c2016aNew DelhibWiley axi, : 242 : p. : cm. ; 23 cRSb27.5